000 01908cam a22002895a 4500
001 E144517
002 17474
008 080724s2008 xxk f 000 0 eng d
020 _a9780580626623
035 _a(Sirsi) u144517
041 0 _aeng
050 0 4 _a692.5 $2 18
110 2 _aBritish Standards Institution
_9130
245 0 0 _aStandardized method of life cycle costing for construction procurement
_ba supplement to BS ISO 15686-5:2008 buildings and constructed assets - service life planning - part 5: life cycle costing
260 _aLondon
_bBSI
_c2008
300 _avii, 87p.
_c30cm.
505 2 _aIntroduction -- Guiding principles -- Life cycle cost data: structure and definitions -- Applications -- Metrics -- Risks and uncertainty -- Information and data assumptions -- Terms, definitions and abbreviations -- Annexes: menu of life cycle costs and whole life costs; BCIS standard form of cost analysis (SCFA) UK capital cost data structure; cost mapping the life cycle cost menu to BS ISO 15686-5 and to the international total occupancy cost (ITOC) codes; worked examples; example of a life cycle costing risk log; forms for life cycle costing analysis; sources of information
520 _aOffers a standardized method of life cycle costing which is relevant to the UK construction industry and the main stages of the procurement process. Sets out practical guidance and provides examples and process maps. Aims to remove confusion over scoping and terminology, as well as to deal with the uncertainty and risks which reduce confidence in life cycle costs.
521 _aAdvanced
590 _aKA
650 2 4 _aBCIS STANDARD FORM OF CAPITAL COST ANALYSIS
650 2 4 _aBS ISO 15686-5
651 4 _aUnited Kingdom
_y
690 _aMANAGEMENT-BUSINESS MANAGEMENT-COST MANAGEMENT-COST ANALYSIS-LIFE CYCLE COSTING
710 1 _aBuilding Cost Information Service
_91096
942 _n0
999 _c108527
_d108527